Spell the Marvel Character #282 - Statistics

General Stats
  • This quiz has been taken 12 times
  • The average score is 6 of 7
Answer Stats
Picture Answer % Correct
Invisible Woman
100%
Ms. Marvel
100%
Photon
100%
Rocket Raccoon
100%
Armor
90%
Primal
90%
Loa
60%
No matching quizzes found
Score Distribution
Percent of People with Each Score
Percentile by Number Answered
Your Score History
You have not taken this quiz